000 00446nam a2200181Ia 4500
003 GCL
008 140319s9999 xx 000 0 eng d
040 _aGCL /
_cGCL
082 0 4 _a953.8
_bY T
100 1 _aYACOUB AL-HIJJI
245 1 0 _aTHE VOYAGE OF AL-GHOZEER /
_cYACOUB AL-HIJJI
260 _a[S.N] :
_bYACOUB AL HIJJI ،
_c1985
300 _a109 PP
650 0 4 _aKUWAIT
650 0 4 _aTRAVEL
650 0 4 _aACABIAN GULF
942 _2ddc
_cBK
999 _c19219
_d19219